000 00483nam a2200169Ia 4500
999 _c27446
_d27446
003 OSt
005 20201201094112.0
008 190216s9999||||xx |||||||||||||| ||und||
040 _coclc
082 _a894.8123
_bRAD/B
100 _aRadhakrishnan, C
_96488
245 0 _aBruhadaranyakam /
_cC Radhakrishnan
260 _bPoorna Pubs,
_c1996.
_a Kozhikode:
300 _a125p
650 _aMalayalam Novel
942 _cBK
_2ddc
_h894.8123
_iRAD/B
_k894.8123
_mRAD/B